La geografía como docencia

Salvato in:
Dettagli Bibliografici
Autore principale: Wettstein, German (Autore)
Natura: Libro
Lingua:spagnolo
Pubblicazione: Montevideo El Siglo Ilustrado 1962
Serie:Método
Soggetti:
Tags: Aggiungi Tag
Nessun Tag, puoi essere il primo ad aggiungerne!!

MARC

LEADER 00000nam a2200000 a 4500
001 UCU0665
003 CL-VaPUC
008 960322e19620000UY |||||||||||||||||spa|d
082 0 4 |a 910.01  |b WET  |2 21 
100 0 |a Wettstein, German  |e author  |9 356031 
245 1 3 |a La geografía como docencia 
300 |a 152 p 
942 |c BK 
945 |d 19960322 00:00:00  |a paguirre 
260 |a Montevideo  |b El Siglo Ilustrado  |c 1962 
650 0 |a Geografía  |9 259346 
650 0 |a Enseñanza de la geografía  |9 310005 
650 0 |a Geografía física   |9 259347 
650 0 |a Geografía humana  |9 267193 
650 7 |a GEOGRAFIA REGIONAL  |2 CL-VaPUC  |9 350312 
583 |a last modification  |c 19960322 00:00:00  |k Rodrigo Vera 
490 0 |a Método 
999 |c 245501  |d 245499 
952 |0 0  |1 0  |4 0  |6 910_010000000000000_WET_1962  |7 0  |8 P  |9 260020  |a BIBEDU  |b BIBEDU  |d 2019-11-19  |i 1638068  |o 910.01 WET 1962  |p 1638068  |r 2019-11-19  |w 2019-11-19  |y BK  |k EDU